Bytový dom

Uložené v:
Podrobná bibliografia
Hlavný autor: Dobaieš, Peter (Autor)
Ďalší autori: Funtík, Tomáš (Vedúci práce)
Médium: Rukopis Kniha
Jazyk:Slovak
Vydavateľské údaje: 2016
Predmet:
On-line prístup:http://is.stuba.sk/zp/portal_zp.pl?podrobnosti=128699
https://opac.crzp.sk/?fn=detailBiblioForm&sid=CAF43C23BCEFEBA4BFC41EBCB6F5
Tagy: Pridať tag
Žiadne tagy, Buďte prvý, kto otaguje tento záznam!

MARC

LEADER 00000ntm a22000003a 4500
001 stuzp57861
003 SK-STU
005 20230616100421.5
007 ta
008 150427s2015----xo-----f-mn---000-0-slo-d
040 |a STU  |b slo 
041 0 |a slo 
100 1 |a Dobaieš, Peter  |u 010270  |4 aut  |U SvF Stavebná fakulta  |T SvF Katedra technológie stavieb  |X 66775  |U V270  |Y 28  |7 66775 
242 0 1 |a Apartment building  |y eng 
245 1 0 |a Bytový dom 
260 |c 2016 
650 4 |a pov  |2 slo 
650 4 |a stavebný proces  |2 slo 
650 4 |a bytový dom  |2 slo 
650 4 |a polyfunkcia  |2 slo 
650 4 |a project construction organization  |2 eng 
650 4 |a building process  |2 eng 
650 4 |a residential building  |2 eng 
650 4 |a housing unit  |2 eng 
700 1 |a Funtík, Tomáš  |u 010270  |k Z1  |4 ths  |U SvF Stavebná fakulta  |T SvF Katedra technológie stavieb  |X 22617  |U V270  |Y 28  |7 A000022617 
856 4 |u http://is.stuba.sk/zp/portal_zp.pl?podrobnosti=128699 
856 4 |u https://opac.crzp.sk/?fn=detailBiblioForm&sid=CAF43C23BCEFEBA4BFC41EBCB6F5 
SQL |a stuzp57861  |b DBP  |c SLO  |d Bytový dom  |e 66775  |f Dobaieš, Peter  |g 010270  |h 22617  |i Funtík, Tomáš  |j 20160621  |k 6  |l 01  |m http://is.stuba.sk/zp/portal_zp.pl?podrobnosti=128699  |n B-TMS  |o 5.2.8. stavebníctvo